Top 100 beste Fussballer 2022 - Statistiken

Allgemein
  • Dieses Quiz wurde 2.885 mal gespielt
  • Das Durchschnittsergebnis liegt bei 34 aus 100
Antwortstatistiken
Hint Antwort % Korrekt
5 Lionel Messi
99%
51 Cristiano Ronaldo
97%
2 Kylian Mbappe
92%
3 Erling Haaland
91%
10 Mohamed Salah
90%
7 Robert Lewandowski
86%
38 Angel Di Maria
81%
1 Karim Benzema
79%
6 Luka Modric
77%
91 Manuel Neuer
77%
25 Heung min Son
74%
12 Neymar
74%
8 Vinicius Junior
73%
4 Kevin De Bruyne
72%
11 Sadio Mane
71%
13 Harry Kane
70%
39 Toni Kroos
69%
41 Joshua Kimmich
67%
26 Virgil Van Jidk
67%
14 Jude Bellingham
65%
22 Jamal Musiala
57%
19 Pedri
52%
53 Rodri
52%
92 Rodrygo
50%
54 Ederson
49%
37 Gavi
49%
9 Thibaut Courtois
48%
94 Serge Gnabry
47%
75 Thiago Silva
46%
56 Antonio Rüdiger
45%
29 Bernardo Silva
45%
23 Antoine Griezmann
44%
100 Leon Goretzka
43%
21 Phil Foden
43%
42 David Alaba
40%
24 Emiliano Martinez
40%
44 Ruben Dias
39%
34 Alisson
38%
28 Bruno Fernandes
36%
15 Casemiro
34%
89 Frenkie De Jong
34%
58 Marcus Rashford
34%
17 Bukayo Saka
33%
64 Alphonso Davies
32%
67 Eder Militao
31%
69 Ousmane Dembele
31%
60 Trent Alexander Arnold
31%
18 Federico Valverde
29%
55 Ilkay Gündogan
29%
84 Kyle Walker
29%
20 Rafael Leao
26%
98 Andrew Robertson
25%
16 Achraf Hakimi
24%
86 Dayot Upamecano
24%
36 Joao Cancelo
24%
65 Marquinhos
23%
52 Victor Osimhen
22%
33 Christopher Nkunku
21%
27 Enzo Fernandez
21%
32 Julian Alvarez
21%
57 Riyad Mahrez
21%
66 Dusan Vlahovic
20%
82 Darwin Nunez
18%
62 Gabriel Jesus
18%
59 Luis Diaz
18%
35 Martin Odegaard
18%
85 Raphael Varane
18%
45 Aurelien Tchouameni
16%
40 Khvicha Kvaratskhelia
16%
30 Olivier Giroud
16%
88 Declan Rice
15%
73 Nicolo Barella
15%
76 Hugo Lloris
14%
48 Rodrigo De Paul
13%
77 Fabinho
12%
70 Lautaro Martinez
12%
31 Josko Gvardiol
11%
47 Mac Allister
11%
46 Theo Hernandez
11%
87 Ciro immobile
9%
74 Mike Maignan
9%
50 Cody Gakpo
8%
80 Kalidou Koulibaly
7%
93 Reece James
7%
61 Richarlison
7%
96 Sandro Tonali
6%
43 Yassine Bounou
6%
72 Christian Romero
5%
95 Hakan Calhanoglu
5%
63 Hakim Ziyech
5%
68 Marcelo Brozovic
4%
49 Sofyan Amrabat
4%
83 Alexsander Mitrovic
2%
90 Bruno Guimaraes
2%
71 Dominik Livakocic
2%
79 Azzedine Ounahi
1%
97 Enner Valencia
1%
99 Gabriel Barbosa
1%
81 Lisandro Martinez
1%
78 Mehdi Taremi
1%
Keine übereinstimmenden Quizze gefunden
Verteilung der Resultate
Anzahl Personen mit jedem Resultat
Perzentil nach korrekt beantworteten Fragen
Ihre Resultats-Entwicklung
Sie haben dieses Quiz noch nicht gespielt